000 00661nam a22002537a 4500
003 UA-OsUOA
001 94606
007 ta
008 20130214b un ||||| |||| 00| 0 ukr d
100 _aДовганич О.
700 _aЛустиг К.
700 _aСпівак Б.
090 _a821.161.2
_bД58
942 _cBK
040 _aUA-OsUOA
_bukr
_cUA-OsUOA
_dUA-OsUOA
245 _aСлідами легенди
300 _a122 с.
955 _a3
041 _aukr
080 _a821.161.2
260 _aУжгород
_bКарпати
_c1971
650 7 _a82 Література. Літературознавство
_2UDC
999 _c380853
_d380853